000 00569cam a2200181 a 4500
001 000018094
005 20200929165342.0
008 961108s1998 nyu 000 1 eng d
040 _aDO-SdBNP
_beng
_cBNPHU
_dBNPHU
082 _a813.54
_bB651b
100 1 _aBlock, Lawrence.
_939225
245 1 4 _aThe burglar in the library :
_ba Bernie Rhodenbarr mystery /
_cLawrence Block.
260 _aNew York :
_bPenguin Group,
_c1998.
300 _a368 p. ;
_c18 cm.
490 1 _aA Signet Book
650 4 _aNovela estadounidense
_9262
650 4 _aLiteratura estadounidense
_9263
999 _c17616
_d17616